000 00761nab a2200229u 4500
001 10121
003 HDC
007 c| |||a|c|aaaa
008 210203b20110312my ||||| |||| 00| 0 eng d
040 _aHDC
245 0 _aTechnology Park Malaysia to generate higher turnover in 10MP
336 _atext
_2rdacontent
337 _acomputer
_2rdamedia
338 _aonline resource
_2rdacarrier
650 _aresearch & development (R&D)
_99642
650 _aTechnology Park Malaysia (TPM)
_910326
710 _aMalaysia SME
856 _zRequest full-text at [email protected]
942 _2lcc
942 _cNEWS
942 _kNWSC 003652
999 _c7444
_d7444